000 00699nam a22001697a 4500
999 _c62827
_d62827
003 Ge_BSU
005 20250305105717.0
008 250305s1948 ge ||||| |||| 00| 0 geo d
041 _ageo
080 _a616.24-002.5(075.8) მ-58
100 _aმესტიაშვილი, გ.
_924414
245 _aტუბერკულოზი :
_bსახელმძღვანელო სტუდენტთა და ექიმთათვის /
_cგ. მესტიაშვილი.
264 _aთბ. :
_b საქმედგამი,
_c1948.
300 _a552 გვ. :
_bილ. ;
_c22 სმ.
653 _aტუბერკულოზი
942 _2udc
_cᲬᲘᲒᲜᲘ